|
|
|
|
| LEADER |
01548nam a2200421 a 4500 |
| 001 |
EBC3384117 |
| 003 |
MiAaPQ |
| 005 |
20200520144314.0 |
| 006 |
m o d | |
| 007 |
cr cn||||||||| |
| 008 |
130614s2012 enk sb 000 0 eng d |
| 020 |
|
|
|z 9781909254152 (pbk.)
|
| 020 |
|
|
|z 9781909254169
|
| 020 |
|
|
|a 9781909254176 (electronic bk.)
|
| 035 |
|
|
|a (MiAaPQ)EBC3384117
|
| 035 |
|
|
|a (Au-PeEL)EBL3384117
|
| 035 |
|
|
|a (CaPaEBR)ebr10715032
|
| 035 |
|
|
|a (OCoLC)923318064
|
| 040 |
|
|
|a MiAaPQ
|c MiAaPQ
|d MiAaPQ
|
| 041 |
1 |
|
|a eng
|a lat
|h lat
|
| 043 |
|
|
|a ff-----
|a e------
|a aw-----
|
| 050 |
|
4 |
|a PA6801.A6
|b G55 2012
|
| 100 |
0 |
|
|a Virgil.
|
| 240 |
1 |
0 |
|a Aeneis.
|l English
|
| 245 |
1 |
0 |
|a Virgil, Aeneid, 4.1-299
|h [electronic resource] :
|b Latin text, study questions, commentary and interpretative essays /
|c Ingo Gildenhard.
|
| 260 |
|
|
|a Cambridge :
|b Open Book Publishers,
|c [2012]
|
| 300 |
|
|
|a 307 p.
|
| 504 |
|
|
|a Includes bibliographical references.
|
| 533 |
|
|
|a Electronic reproduction. Ann Arbor, MI : ProQuest, 2015. Available via World Wide Web. Access may be limited to ProQuest affiliated libraries.
|
| 600 |
0 |
0 |
|a Virgil.
|t Aeneis.
|
| 600 |
0 |
0 |
|a Virgil
|x Criticism and interpretation.
|
| 650 |
|
0 |
|a Aeneas (Legendary character)
|
| 650 |
|
0 |
|a Epic poetry, Latin
|x History and criticism.
|
| 651 |
|
0 |
|a Rome
|x In literature.
|
| 655 |
|
4 |
|a Electronic books.
|
| 700 |
1 |
|
|a Gildenhard, Ingo.
|
| 710 |
2 |
|
|a ProQuest (Firm)
|
| 856 |
4 |
0 |
|u https://ebookcentral.proquest.com/lib/matrademy/detail.action?docID=3384117
|z Click to View
|